000 00544nam a2200193Ia 4500
005 20250923145403.0
008 008 250917s9999 xx 000 0 eng d
037 _aTextual
040 _aDSWL
_beng
_cDSWL
041 _aeng
_2eng
084 _aY31:1x2,N5, N61;4
_qDSWL
245 0 _aIndia's villages
_c Ed.by M.N. Srinivas
260 _aBombay
_bAsia Publishing House
_c1960
300 _a222 p.
365 _aINR
_b10 . 0
925 _g10 . 0
942 _cTEXL
_hY31:1x2,N5, N61;4
999 _c1450755
_d1450755